[Event "Allauch op 5th"]
[Site "Allauch"]
[Date "2023.08.30"]
[Round "4"]
[White "Bonchristiani, Pierre"]
[Black "Proudhon, Gabriel"]
[Result "1/2-1/2"]
[WhiteElo "1416"]
[BlackElo "1340"]
[PlyCount "103"]
[EventDate "2023.08.28"]
[EventType "swiss"]
[EventRounds "9"]
[EventCountry "FRA"]
[SourceTitle "EXT 2024"]
[Source "ChessBase"]
[SourceDate "2023.10.10"]
[SourceVersion "1"]
[SourceVersionDate "2023.10.10"]
[SourceQuality "1"]

1. e4 c5 2. Nf3 d6 3. Bb5+ Nd7 4. c4 Ngf6 5. Nc3 g6 6. d4 cxd4 7. Nxd4 Bg7 8. f3 0-0 9. Be3 Nb6 10. Qd2 a6 11. Ba4 Nxc4 12. Qe2 Nxe3 13. Qxe3 b5 14. Bb3 Bb7 15. 0-0-0 Nd7 16. h4 Nc5 17. Bc2 Rc8 18. h5 b4 19. Nce2 Qb6 20. b3 Qa5 21. Kb1 Qa3 22. hxg6 fxg6 23. Rh3 Na4 24. Qc1 Qxc1+ 25. Rxc1 Nc3+ 26. Nxc3 Bxd4 27. Ne2 Be3 28. Rch1 Rf7 29. Bd3 e6 30. f4 Bb6 31. Ng3 Rcc7 32. f5 gxf5 33. exf5 Bxg2 34. fxe6 Rfe7 35. Nf5 Bxh3 36. Nxe7+ Rxe7 37. Rxh3 d5 38. Bf5 Rg7 39. Bxh7+ Kf8 40. Rh1 Ke7 41. Bf5 Kf6 42. Rf1 Rg1 43. Rxg1 Bxg1 44. Bh3 Bc5 45. Kc2 Ke5 46. Kd3 a5 47. Bg4 Kf4 48. Bh5 Ke5 49. Bf7 Be7 50. Bg8 Kd6 51. Bf7 Kc5 52. Be8 1/2-1/2